header

Eleven plays of Henrik Ibsen / (Record no. 257397)

MARC details
000 -LEADER
fixed length control field 00390nam a22001337a 4500
003 - CONTROL NUMBER IDENTIFIER
control field OSt
005 - DATE AND TIME OF LATEST TRANSACTION
control field 20181025105700.0
008 - FIXED-LENGTH DATA ELEMENTS--GENERAL INFORMATION
fixed length control field 181025b xxu||||| |||| 00| 0 eng d
040 ## - CATALOGING SOURCE
Transcribing agency N/A
050 ## - LIBRARY OF CONGRESS CALL NUMBER
Classification number PT8854 .C45
245 ## - TITLE STATEMENT
Title Eleven plays of Henrik Ibsen /
Remainder of title introduction by H. L. Mencken.
260 ## - PUBLICATION, DISTRIBUTION, ETC. (IMPRINT)
Place of publication, distribution, etc New York,
Name of publisher, distributor, etc B. A. Cerf, D. S. Klopfer, The Modern library
Date of publication, distribution, etc [1935]
942 ## - ADDED ENTRY ELEMENTS (KOHA)
Source of classification or shelving scheme Library of Congress Classification
Koha item type Long Loan Books
Holdings
Withdrawn status Lost status Source of classification or shelving scheme Damaged status Not for loan Collection code Home library Current library Shelving location Date acquired Total Checkouts Full call number Barcode Date last seen Price effective from Koha item type
    Library of Congress Classification     Fiction Rongo University Library Rongo University Library General Stacks 25/10/2018   PT8854 .C45 201614988 25/10/2018 25/10/2018 Long Loan Books

© 2026 Rongo University
Contact us: librarian | system librarian | Rongo university